The works of David Foster Wallace - Statistics

General Stats
  • This quiz has been taken 34 times
  • The average score is 8 of 10
Answer Stats
Hint Novels % Correct
2005 Consider the Lobster
100%
1996 Infinite Jest
96%
2011 The Pale King
93%
1987 The Broom of the System
89%
1997 A Supposedly Fun Thing I'll Never Do Again
85%
2004 Oblivion: Short Stories
85%
1989 Girl with Curious Hair
81%
1999 Brief Interviews with Hideous Men
78%
2016 String Theory: David Foster Wallace on Tennis
52%
2012 Both Flesh and Not
48%
No matching quizzes found
Score Distribution
Percent of People with Each Score
Percentile by Number Answered
Your Score History
You have not taken this quiz